| 000 -LEADER |
| fixed length control field |
00964nam a2200277Ia 4500 |
| 001 - CONTROL NUMBER |
| control field |
21355 |
| 003 - CONTROL NUMBER IDENTIFIER |
| control field |
GE_BSU |
| 005 - DATE AND TIME OF LATEST TRANSACTION |
| control field |
20210909164212.0 |
| 008 - FIXED-LENGTH DATA ELEMENTS--GENERAL INFORMATION |
| fixed length control field |
181216s2017||||ru |||||||||||||| ||rus|| |
| 010 ## - LIBRARY OF CONGRESS CONTROL NUMBER |
| LC control number |
9785534005806 |
| 040 ## - CATALOGING SOURCE |
| Transcribing agency |
GE_BSU |
| 041 ## - LANGUAGE CODE |
| Language code of text/sound track or separate title |
rus |
| 080 ## - UNIVERSAL DECIMAL CLASSIFICATION NUMBER |
| Universal Decimal Classification number |
327(075.8) К-37 |
| 100 ## - MAIN ENTRY--PERSONAL NAME |
| Personal name |
Кефели, И. Ф. |
| 9 (RLIN) |
12415 |
| 245 ## - TITLE STATEMENT |
| Title |
Теория мировой политики / |
| Statement of responsibility, etc. |
И. Ф. Кефели, И. Г. Бутырская ; Под ред. И.Ф. Кефели. |
| 264 ## - PRODUCTION, PUBLICATION, DISTRIBUTION, MANUFACTURE, AND COPYRIGHT NOTICE |
| Place of production, publication, distribution, manufacture |
Москва : |
| Name of producer, publisher, distributor, manufacturer |
Юрайт, |
| Date of production, publication, distribution, manufacture, or copyright notice |
2017. |
| 300 ## - PHYSICAL DESCRIPTION |
| Extent |
134 стр. ; |
| Dimensions |
22 см. |
| 500 ## - GENERAL NOTE |
| General note |
Библиогр. стр. 133-134 |
| 653 ## - INDEX TERM--UNCONTROLLED |
| keyword |
Политика |
| 653 ## - INDEX TERM--UNCONTROLLED |
| keyword |
Теория мировой политики |
| 653 ## - INDEX TERM--UNCONTROLLED |
| keyword |
საერთაშორისო პოლიტიკა |
| 700 ## - ADDED ENTRY--PERSONAL NAME |
| Personal name |
Бутырская, И. Г. |
| Titles and other words associated with a name |
Автор |
| 9 (RLIN) |
12416 |
| 700 ## - ADDED ENTRY--PERSONAL NAME |
| Personal name |
Кефели, И.Ф. |
| Titles and other words associated with a name |
Редактор |
| 9 (RLIN) |
12417 |
| 942 ## - ADDED ENTRY ELEMENTS (KOHA) |
| Koha item type |
წიგნი |
| Source of classification or shelving scheme |
|